[Event "Top 12 2021"]
[Site "Chalons en Champagne, France"]
[Date "2021.06.26"]
[Round "3.13"]
[White "Medvegy, Zoltan CCH"]
[Black "Cornette, Matthieu ASN"]
[Result "1/2-1/2"]
[WhiteElo "2527"]
[BlackElo "2566"]

1. Nf3 {[%clk 01:30:56]} {[%emt 00:00:03]} d5 {[%clk 01:30:13]} {[%emt
00:00:48]} 2. e3 {[%clk 01:31:17]} {[%emt 00:00:09]} Nf6 {[%clk 01:29:47]}
{[%emt 00:00:55]} 3. c4 {[%clk 01:31:33]} {[%emt 00:00:14]} e6 {[%clk
01:29:59]} {[%emt 00:00:19]} 4. b3 {[%clk 01:31:39]} {[%emt 00:00:24]} b6
{[%clk 01:28:08]} {[%emt 00:02:21]} 5. Bb2 {[%clk 01:29:54]} {[%emt 00:02:15]}
Bb7 {[%clk 01:27:26]} {[%emt 00:01:12]} 6. Nc3 {[%clk 01:27:45]} {[%emt
00:02:39]} Nbd7 {[%clk 01:27:36]} {[%emt 00:00:20]} 7. cxd5 {[%clk 01:27:25]}
{[%emt 00:00:51]} exd5 {[%clk 01:27:34]} {[%emt 00:00:30]} 8. d4 {[%clk
01:26:40]} {[%emt 00:01:16]} Bd6 {[%clk 01:27:11]} {[%emt 00:00:53]} 9. Bd3
{[%clk 01:26:30]} {[%emt 00:00:40]} O-O {[%clk 01:25:38]} {[%emt 00:02:03]} 10.
O-O {[%clk 01:26:54]} {[%emt 00:00:07]} a6 {[%clk 01:23:57]} {[%emt 00:02:12]}
11. Qc2 {[%clk 01:25:22]} {[%emt 00:02:01]} Qe7 {[%clk 01:22:55]} {[%emt
00:01:31]} 12. Rac1 {[%clk 01:25:04]} {[%emt 00:00:48]} Ne4 {[%clk 01:21:38]}
{[%emt 00:01:47]} 13. Ne2 {[%clk 01:24:52]} {[%emt 00:00:42]} f5 {[%clk
01:18:12]} {[%emt 00:03:55]} 14. Ne5 {[%clk 01:21:35]} {[%emt 00:03:47]} Bxe5
{[%clk 01:14:37]} {[%emt 00:04:06]} 15. dxe5 {[%clk 01:21:54]} {[%emt
00:00:11]} c5 {[%clk 01:14:57]} {[%emt 00:00:10]} 16. f4 {[%clk 01:17:11]}
{[%emt 00:05:13]} Rac8 {[%clk 00:58:49]} {[%emt 00:16:37]} 17. Rcd1 {[%clk
01:05:01]} {[%emt 00:12:41]} b5 {[%clk 00:47:43]} {[%emt 00:11:37]} 18. Nc3
{[%clk 00:52:09]} {[%emt 00:13:21]} Nxc3 {[%clk 00:35:50]} {[%emt 00:12:23]} 19.
Bxc3 {[%clk 00:49:10]} {[%emt 00:03:29]} Qe6 {[%clk 00:34:28]} {[%emt
00:01:52]} 20. Ba5 {[%clk 00:41:55]} {[%emt 00:07:45]} Nb8 {[%clk 00:27:40]}
{[%emt 00:07:17]} 21. Be2 {[%clk 00:36:18]} {[%emt 00:06:07]} Nc6 {[%clk
00:22:24]} {[%emt 00:05:46]} 22. Be1 {[%clk 00:35:57]} {[%emt 00:00:51]} Ne7
{[%clk 00:21:30]} {[%emt 00:01:24]} 1/2-1/2

[Event "Top 12 2021"]
[Site "Chalons en Champagne, France"]
[Date "2021.06.26"]
[Round "3.15"]
[White "Maurizzi, Marc Andria CCH"]
[Black "Degraeve, Jean-Marc ASN"]
[Result "0-1"]
[WhiteElo "2503"]
[BlackElo "2527"]

1. e4 {[%clk 01:30:57]} {[%emt 00:00:03]} c5 {[%clk 01:30:36]} {[%emt
00:00:24]} 2. Nf3 {[%clk 01:31:00]} {[%emt 00:00:27]} g6 {[%clk 01:30:23]}
{[%emt 00:00:43]} 3. d4 {[%clk 01:30:28]} {[%emt 00:01:02]} cxd4 {[%clk
01:30:44]} {[%emt 00:00:09]} 4. Nxd4 {[%clk 01:30:54]} {[%emt 00:00:04]} Nc6
{[%clk 01:30:53]} {[%emt 00:00:20]} 5. c4 {[%clk 01:30:56]} {[%emt 00:00:28]}
Nf6 {[%clk 01:30:55]} {[%emt 00:00:27]} 6. Nc3 {[%clk 01:31:19]} {[%emt
00:00:08]} d6 {[%clk 01:31:17]} {[%emt 00:00:08]} 7. Be2 {[%clk 01:31:02]}
{[%emt 00:00:47]} Nxd4 {[%clk 01:30:53]} {[%emt 00:00:54]} 8. Qxd4 {[%clk
01:31:04]} {[%emt 00:00:28]} Bg7 {[%clk 01:31:14]} {[%emt 00:00:10]} 9. Be3
{[%clk 01:31:16]} {[%emt 00:00:18]} O-O {[%clk 01:31:16]} {[%emt 00:00:28]} 10.
Qd2 {[%clk 01:31:39]} {[%emt 00:00:08]} a5 {[%clk 01:29:22]} {[%emt 00:02:24]}
11. f3 {[%clk 01:20:47]} {[%emt 00:11:22]} a4 {[%clk 01:29:25]} {[%emt
00:00:27]} 12. Rc1 {[%clk 01:14:56]} {[%emt 00:06:21]} Qa5 {[%clk 01:29:05]}
{[%emt 00:00:50]} 13. Nb5 {[%clk 00:58:56]} {[%emt 00:16:29]} Qxd2+ {[%clk
01:25:41]} {[%emt 00:03:55]} 14. Kxd2 {[%clk 00:59:16]} {[%emt 00:00:10]} Bd7
{[%clk 01:21:09]} {[%emt 00:05:01]} 15. Nc3 {[%clk 00:41:21]} {[%emt 00:18:26]}
Rfc8 {[%clk 01:19:30]} {[%emt 00:02:10]} 16. Rc2 {[%clk 00:36:38]} {[%emt
00:05:14]} Kf8 {[%clk 01:11:19]} {[%emt 00:08:40]} 17. Rhc1 {[%clk 00:35:36]}
{[%emt 00:01:32]} Be6 {[%clk 01:02:36]} {[%emt 00:09:13]} 18. Nd5 {[%clk
00:35:34]} {[%emt 00:00:32]} Nxd5 {[%clk 01:00:25]} {[%emt 00:02:42]} 19. cxd5
{[%clk 00:35:41]} {[%emt 00:00:22]} Bd7 {[%clk 01:00:25]} {[%emt 00:00:30]} 20.
Rc7 {[%clk 00:23:36]} {[%emt 00:12:36]} Bxb2 {[%clk 00:59:13]} {[%emt
00:01:42]} 21. R1c2 {[%clk 00:23:39]} {[%emt 00:00:27]} Rxc7 {[%clk 00:57:09]}
{[%emt 00:02:34]} 22. Rxc7 {[%clk 00:23:58]} {[%emt 00:00:11]} Ke8 {[%clk
00:57:12]} {[%emt 00:00:27]} 23. Rxb7 {[%clk 00:23:32]} {[%emt 00:00:56]} a3
{[%clk 00:57:01]} {[%emt 00:00:41]} 24. Bb6 {[%clk 00:20:06]} {[%emt 00:03:56]}
f5 {[%clk 00:50:39]} {[%emt 00:06:53]} 25. exf5 {[%clk 00:13:08]} {[%emt
00:07:27]} Bxf5 {[%clk 00:50:53]} {[%emt 00:00:15]} 26. Bc4 {[%clk 00:07:53]}
{[%emt 00:05:46]} Kf7 {[%clk 00:38:13]} {[%emt 00:13:09]} 27. Bb3 {[%clk
00:05:12]} {[%emt 00:03:12]} h5 {[%clk 00:28:50]} {[%emt 00:09:52]} 28. g3
{[%clk 00:04:45]} {[%emt 00:00:57]} g5 {[%clk 00:24:38]} {[%emt 00:04:41]} 29.
Bc2 {[%clk 00:02:32]} {[%emt 00:02:44]} Bxc2 {[%clk 00:24:14]} {[%emt
00:00:54]} 30. Kxc2 {[%clk 00:03:01]} {[%emt 00:00:01]} g4 {[%clk 00:16:25]}
{[%emt 00:08:18]} 31. fxg4 {[%clk 00:02:02]} {[%emt 00:01:30]} hxg4 {[%clk
00:16:53]} {[%emt 00:00:02]} 32. Rc7 {[%clk 00:02:23]} {[%emt 00:00:09]} Rb8
{[%clk 00:12:13]} {[%emt 00:05:09]} 33. Be3 {[%clk 00:02:42]} {[%emt 00:00:10]}
Be5 {[%clk 00:03:59]} {[%emt 00:08:44]} 34. Kd3 {[%clk 00:02:22]} {[%emt
00:00:51]} Rb5 {[%clk 00:01:11]} {[%emt 00:03:18]} 35. Bg5 {[%clk 00:01:12]}
{[%emt 00:01:40]} Bf6 {[%clk 00:00:59]} {[%emt 00:00:42]} 36. Bxf6 {[%clk
00:01:02]} {[%emt 00:00:41]} Kxf6 {[%clk 00:01:27]} {[%emt 00:00:02]} 37. Ra7
{[%clk 00:00:43]} {[%emt 00:00:50]} Rxd5+ {[%clk 00:01:38]} {[%emt 00:00:19]}
38. Ke4 {[%clk 00:01:02]} {[%emt 00:00:11]} Rd2 {[%clk 00:01:20]} {[%emt
00:00:47]} 39. Rxa3 {[%clk 00:01:28]} {[%emt 00:00:06]} Rxh2 {[%clk 00:01:16]}
{[%emt 00:00:34]} 40. Kf4 {[%clk 00:31:54]} {[%emt 00:00:03]} d5 {[%clk
00:30:44]} {[%emt 00:01:02]} 41. Kxg4 {[%clk 00:30:00]} {[%emt 00:02:24]} Ke5
{[%clk 00:24:11]} {[%emt 00:07:03]} 42. Ra7 {[%clk 00:27:21]} {[%emt 00:03:10]}
e6 {[%clk 00:24:01]} {[%emt 00:00:39]} 43. Kg5 {[%clk 00:26:29]} {[%emt
00:01:22]} d4 {[%clk 00:21:21]} {[%emt 00:03:10]} 44. g4 {[%clk 00:25:08]}
{[%emt 00:01:51]} Rh8 {[%clk 00:09:37]} {[%emt 00:12:14]} 45. Ra5+ {[%clk
00:24:35]} {[%emt 00:01:04]} Ke4 {[%clk 00:09:08]} {[%emt 00:00:57]} 46. Kf6
{[%clk 00:24:51]} {[%emt 00:00:16]} d3 {[%clk 00:06:55]} {[%emt 00:02:42]} 47.
Ra4+ {[%clk 00:18:39]} {[%emt 00:06:43]} Ke3 {[%clk 00:07:11]} {[%emt
00:00:13]} 48. Ra3 {[%clk 00:15:44]} {[%emt 00:03:26]} Rg8 {[%clk 00:07:07]}
{[%emt 00:00:33]} 49. Kxe6 {[%clk 00:15:31]} {[%emt 00:00:44]} Rxg4 {[%clk
00:07:30]} {[%emt 00:00:06]} 50. Kd5 {[%clk 00:15:37]} {[%emt 00:00:24]} 0-1

[Event "Top 12 2021"]
[Site "Chalons en Champagne, France"]
[Date "2021.06.26"]
[Round "3.16"]
[White "Guichard, Pauline ASN"]
[Black "Martsynovskaya, Marina CCH"]
[Result "1-0"]
[WhiteElo "2413"]
[BlackElo "2046"]

1. d4 {[%clk 01:30:57]} {[%emt 00:00:02]} d5 {[%clk 01:30:52]} {[%emt
00:00:09]} 2. c4 {[%clk 01:31:21]} {[%emt 00:00:05]} dxc4 {[%clk 01:31:15]}
{[%emt 00:00:07]} 3. e3 {[%clk 01:31:47]} {[%emt 00:00:04]} Nf6 {[%clk
01:31:33]} {[%emt 00:00:14]} 4. Bxc4 {[%clk 01:32:10]} {[%emt 00:00:06]} e6
{[%clk 01:31:55]} {[%emt 00:00:08]} 5. Nf3 {[%clk 01:32:31]} {[%emt 00:00:08]}
c5 {[%clk 01:32:16]} {[%emt 00:00:09]} 6. O-O {[%clk 01:32:51]} {[%emt
00:00:10]} Nc6 {[%clk 01:32:30]} {[%emt 00:00:16]} 7. a3 {[%clk 01:32:44]}
{[%emt 00:00:37]} a6 {[%clk 01:32:54]} {[%emt 00:00:06]} 8. dxc5 {[%clk
01:32:55]} {[%emt 00:00:20]} Qxd1 {[%clk 01:30:58]} {[%emt 00:02:26]} 9. Rxd1
{[%clk 01:31:11]} {[%emt 00:02:13]} Bxc5 {[%clk 01:31:21]} {[%emt 00:00:07]} 10.
b4 {[%clk 01:31:34]} {[%emt 00:00:07]} Be7 {[%clk 01:31:42]} {[%emt 00:00:10]}
11. Bb2 {[%clk 01:31:24]} {[%emt 00:00:40]} O-O {[%clk 01:32:01]} {[%emt
00:00:11]} 12. Be2 {[%clk 01:25:06]} {[%emt 00:06:48]} b5 {[%clk 01:31:46]}
{[%emt 00:00:45]} 13. Nbd2 {[%clk 01:25:08]} {[%emt 00:00:29]} Bb7 {[%clk
01:30:17]} {[%emt 00:01:59]} 14. Rac1 {[%clk 01:25:02]} {[%emt 00:00:36]} Rfd8
{[%clk 01:27:41]} {[%emt 00:03:06]} 15. Rc2 {[%clk 01:02:11]} {[%emt 00:23:22]}
Kf8 {[%clk 01:14:23]} {[%emt 00:13:47]} 16. Rdc1 {[%clk 01:02:08]} {[%emt
00:00:32]} Bd6 {[%clk 01:13:50]} {[%emt 00:01:03]} 17. Rxc6 {[%clk 00:57:06]}
{[%emt 00:05:33]} Bxc6 {[%clk 01:14:02]} {[%emt 00:00:18]} 18. Rxc6 {[%clk
00:57:32]} {[%emt 00:00:04]} Ke7 {[%clk 01:13:37]} {[%emt 00:00:55]} 19. Nd4
{[%clk 00:52:20]} {[%emt 00:05:42]} g6 {[%clk 01:05:52]} {[%emt 00:08:14]} 20.
g4 {[%clk 00:45:54]} {[%emt 00:06:57]} e5 {[%clk 01:00:49]} {[%emt 00:05:33]}
21. g5 {[%clk 00:44:09]} {[%emt 00:02:15]} Nd5 {[%clk 00:55:31]} {[%emt
00:05:47]} 22. N4b3 {[%clk 00:41:01]} {[%emt 00:03:39]} f5 {[%clk 00:52:29]}
{[%emt 00:03:33]} 23. gxf6+ {[%clk 00:40:52]} {[%emt 00:00:39]} Nxf6 {[%clk
00:52:46]} {[%emt 00:00:12]} 24. Nf3 {[%clk 00:37:20]} {[%emt 00:04:02]} Rdc8
{[%clk 00:44:14]} {[%emt 00:09:02]} 25. Na5 {[%clk 00:37:05]} {[%emt 00:00:45]}
Kd7 {[%clk 00:43:21]} {[%emt 00:01:23]} 26. Nxe5+ {[%clk 00:31:56]} {[%emt
00:05:39]} Bxe5 {[%clk 00:40:57]} {[%emt 00:02:54]} 27. Bxe5 {[%clk 00:32:13]}
{[%emt 00:00:13]} Rxc6 {[%clk 00:41:19]} {[%emt 00:00:08]} 28. Nxc6 {[%clk
00:32:37]} {[%emt 00:00:06]} Nd5 {[%clk 00:39:23]} {[%emt 00:02:26]} 29. Nd4
{[%clk 00:32:36]} {[%emt 00:00:31]} Re8 {[%clk 00:38:22]} {[%emt 00:01:31]} 30.
Bg4+ {[%clk 00:31:04]} {[%emt 00:02:03]} Ke7 {[%clk 00:35:36]} {[%emt
00:03:15]} 31. Nc6+ {[%clk 00:29:07]} {[%emt 00:02:26]} Kf7 {[%clk 00:35:57]}
{[%emt 00:00:10]} 32. Bd7 {[%clk 00:29:14]} {[%emt 00:00:23]} Ra8 {[%clk
00:35:54]} {[%emt 00:00:33]} 33. Bd4 {[%clk 00:24:26]} {[%emt 00:05:18]} Nf6
{[%clk 00:34:13]} {[%emt 00:02:11]} 34. Ne5+ {[%clk 00:24:23]} {[%emt
00:00:33]} Ke7 {[%clk 00:33:55]} {[%emt 00:00:48]} 35. Bc5+ {[%clk 00:23:58]}
{[%emt 00:00:55]} Kd8 {[%clk 00:34:17]} {[%emt 00:00:08]} 36. Bc6 {[%clk
00:22:47]} {[%emt 00:01:41]} Rb8 {[%clk 00:34:26]} {[%emt 00:00:21]} 37. Nf7+
{[%clk 00:18:50]} {[%emt 00:04:28]} Kc8 {[%clk 00:34:37]} {[%emt 00:00:18]} 38.
Ba7 {[%clk 00:19:05]} {[%emt 00:00:14]} 1-0

[Event "Top 12 2021"]
[Site "Chalons en Champagne, France"]
[Date "2021.06.26"]
[Round "3.17"]
[White "Kasimdzhanov, Rustam VAN"]
[Black "Alonso Rosell, Alvar PAR"]
[Result "1-0"]
[WhiteElo "2662"]
[BlackElo "2572"]

1. Nf3 {[%clk 01:30:56]} {[%emt 00:00:03]} d5 {[%clk 01:29:25]} {[%emt
00:01:36]} 2. g3 {[%clk 01:31:15]} {[%emt 00:00:10]} g6 {[%clk 01:18:01]}
{[%emt 00:11:55]} 3. Bg2 {[%clk 01:30:26]} {[%emt 00:01:18]} Bg7 {[%clk
01:17:40]} {[%emt 00:00:51]} 4. d4 {[%clk 01:30:46]} {[%emt 00:00:10]} Nf6
{[%clk 01:17:47]} {[%emt 00:00:23]} 5. O-O {[%clk 01:30:30]} {[%emt 00:00:46]}
c6 {[%clk 01:17:59]} {[%emt 00:00:18]} 6. c4 {[%clk 01:22:35]} {[%emt
00:08:25]} O-O {[%clk 01:17:50]} {[%emt 00:00:40]} 7. cxd5 {[%clk 01:19:24]}
{[%emt 00:03:41]} cxd5 {[%clk 01:18:16]} {[%emt 00:00:03]} 8. Ne5 {[%clk
01:19:45]} {[%emt 00:00:09]} Ne4 {[%clk 00:41:49]} {[%emt 00:36:58]} 9. Nd2
{[%clk 01:16:32]} {[%emt 00:03:43]} Nxd2 {[%clk 00:37:00]} {[%emt 00:05:19]} 10.
Bxd2 {[%clk 01:15:47]} {[%emt 00:01:15]} Nd7 {[%clk 00:31:05]} {[%emt
00:06:26]} 11. Nd3 {[%clk 01:00:56]} {[%emt 00:15:20]} Bxd4 {[%clk 00:16:58]}
{[%emt 00:14:37]} 12. Bh6 {[%clk 00:58:29]} {[%emt 00:02:57]} Bg7 {[%clk
00:15:40]} {[%emt 00:01:49]} 13. Bxg7 {[%clk 00:57:23]} {[%emt 00:01:35]} Kxg7
{[%clk 00:16:07]} {[%emt 00:00:03]} 14. Bxd5 {[%clk 00:57:17]} {[%emt
00:00:36]} Nf6 {[%clk 00:06:16]} {[%emt 00:10:21]} 15. Bg2 {[%clk 00:56:50]}
{[%emt 00:00:57]} Bf5 {[%emt 00:03:17]} 16. Qb3 {[%clk 00:51:18]} {[%emt
00:06:02]} Rb8 {[%clk 00:02:06]} {[%emt 00:01:54]} 17. Qa3 {[%clk 00:49:02]}
{[%emt 00:02:46]} Qb6 {[%clk 00:01:50]} {[%emt 00:00:45]} 18. Nc5 {[%clk
00:45:55]} {[%emt 00:03:37]} e5 {[%clk 00:00:38]} {[%emt 00:01:42]} 19. b4
{[%clk 00:40:06]} {[%emt 00:06:19]} Nd7 {[%clk 00:00:32]} {[%emt 00:00:37]} 20.
Rac1 {[%clk 00:36:39]} {[%emt 00:03:56]} Rfd8 {[%clk 00:00:35]} {[%emt
00:00:28]} 21. h3 {[%clk 00:35:06]} {[%emt 00:02:03]} Nf8 {[%clk 00:00:31]}
{[%emt 00:00:34]} 22. Kh2 {[%clk 00:26:26]} {[%emt 00:09:09]} Rd4 {[%clk
00:00:35]} {[%emt 00:00:27]} 23. Qe3 {[%clk 00:25:35]} {[%emt 00:01:20]} Re8
{[%clk 00:00:39]} {[%emt 00:00:27]} 24. a3 {[%clk 00:24:18]} {[%emt 00:01:47]}
Bc8 {[%clk 00:00:53]} {[%emt 00:00:16]} 25. Rc3 {[%clk 00:18:56]} {[%emt
00:05:52]} Nd7 {[%clk 00:00:34]} {[%emt 00:00:49]} 26. Nb3 {[%clk 00:09:48]}
{[%emt 00:09:38]} Nf6 {[%clk 00:01:03]} {[%emt 00:00:02]} 27. Rc5 {[%clk
00:06:03]} {[%emt 00:04:14]} Rd6 {[%clk 00:00:47]} {[%emt 00:00:46]} 28. Na5
{[%clk 00:06:08]} {[%emt 00:00:25]} Rdd8 {[%clk 00:00:34]} {[%emt 00:00:44]} 29.
Rfc1 {[%clk 00:04:44]} {[%emt 00:01:54]} e4 {[%clk 00:00:38]} {[%emt 00:00:26]}
30. Nc4 {[%clk 00:04:22]} {[%emt 00:00:51]} Qe6 {[%clk 00:00:35]} {[%emt
00:00:34]} 31. Re5 {[%clk 00:04:22]} {[%emt 00:00:30]} Qc6 {[%clk 00:00:40]}
{[%emt 00:00:25]} 32. b5 {[%clk 00:02:12]} {[%emt 00:02:40]} Qd7 {[%clk
00:00:53]} {[%emt 00:00:18]} 33. a4 {[%clk 00:01:18]} {[%emt 00:01:24]} Rxe5
{[%clk 00:00:58]} {[%emt 00:00:24]} 34. Nxe5 {[%clk 00:01:44]} {[%emt
00:00:04]} Qe6 {[%clk 00:01:19]} {[%emt 00:00:09]} 35. Qc3 {[%clk 00:01:29]}
{[%emt 00:00:45]} Kg8 {[%clk 00:00:43]} {[%emt 00:01:07]} 36. Qc7 {[%clk
00:01:23]} {[%emt 00:00:35]} Re8 {[%clk 00:01:05]} {[%emt 00:00:09]} 37. Nc4
{[%clk 00:01:45]} {[%emt 00:00:07]} Re7 {[%clk 00:00:36]} {[%emt 00:00:59]} 38.
Qb8 {[%clk 00:01:43]} {[%emt 00:00:32]} Kg7 {[%clk 00:00:54]} {[%emt 00:00:12]}
39. Ne3 {[%clk 00:01:25]} {[%emt 00:00:47]} Re8 {[%clk 00:00:31]} {[%emt
00:00:53]} 40. Qxa7 {[%clk 00:31:46]} {[%emt 00:00:10]} h5 {[%clk 00:30:36]}
{[%emt 00:00:25]} 41. Qd4 {[%clk 00:30:16]} {[%emt 00:01:59]} Qe7 {[%clk
00:24:17]} {[%emt 00:06:50]} 42. Rc5 {[%clk 00:17:03]} {[%emt 00:13:43]} h4
{[%clk 00:18:14]} {[%emt 00:06:33]} 43. g4 {[%clk 00:14:23]} {[%emt 00:03:10]}
Kg8 {[%clk 00:18:06]} {[%emt 00:00:39]} 44. b6 {[%clk 00:09:57]} {[%emt
00:04:56]} Rd8 {[%clk 00:13:51]} {[%emt 00:04:45]} 45. Qe5 {[%clk 00:09:16]}
{[%emt 00:01:10]} Be6 {[%clk 00:13:38]} {[%emt 00:00:43]} 46. Rc7 {[%clk
00:08:56]} {[%emt 00:00:50]} Nd7 {[%clk 00:13:57]} {[%emt 00:00:11]} 47. Rxb7
{[%clk 00:08:20]} {[%emt 00:01:06]} Qb4 {[%clk 00:14:18]} {[%emt 00:00:09]} 48.
Rxd7 {[%clk 00:02:20]} {[%emt 00:06:31]} Rxd7 {[%clk 00:14:05]} {[%emt
00:00:43]} 49. a5 {[%clk 00:02:44]} {[%emt 00:00:06]} Kh7 {[%clk 00:13:57]}
{[%emt 00:00:37]} 50. Bxe4 {[%clk 00:02:17]} {[%emt 00:00:57]} Qe1 {[%clk
00:11:52]} {[%emt 00:02:35]} 51. Kg2 {[%clk 00:02:07]} {[%emt 00:00:40]} Qb4
{[%clk 00:10:54]} {[%emt 00:01:27]} 52. Bf3 {[%clk 00:01:38]} {[%emt 00:00:59]}
Ba2 {[%clk 00:10:36]} {[%emt 00:00:49]} 53. Nf5 {[%clk 00:00:49]} {[%emt
00:01:18]} f6 {[%clk 00:11:00]} {[%emt 00:00:07]} 54. Qxf6 {[%clk 00:01:14]}
{[%emt 00:00:05]} Qxa5 {[%clk 00:11:25]} {[%emt 00:00:04]} 55. b7 {[%clk
00:00:59]} {[%emt 00:00:45]} Qb4 {[%clk 00:11:48]} {[%emt 00:00:08]} 56. Qxh4+
{[%clk 00:00:37]} {[%emt 00:00:51]} Kg8 {[%clk 00:12:17]} {[%emt 00:00:02]} 57.
Ne7+ {[%clk 00:00:41]} {[%emt 00:00:25]} Kg7 {[%clk 00:12:38]} {[%emt
00:00:09]} 58. Qg5 {[%clk 00:00:49]} {[%emt 00:00:21]} Qb6 {[%clk 00:12:59]}
{[%emt 00:00:10]} 59. Qe5+ {[%clk 00:01:12]} {[%emt 00:00:08]} 1-0

[Event "Top 12 2021"]
[Site "Chalons en Champagne, France"]
[Date "2021.06.26"]
[Round "3.18"]
[White "Song, Julien PAR"]
[Black "Solodovnichenko, Yuri VAN"]
[Result "1-0"]
[WhiteElo "2328"]
[BlackElo "2546"]

1. d4 {[%clk 01:30:57]} {[%emt 00:00:02]} g6 {[%clk 01:30:46]} {[%emt
00:00:15]} 2. e4 {[%clk 01:31:22]} {[%emt 00:00:04]} d6 {[%clk 01:31:04]}
{[%emt 00:00:12]} 3. Nf3 {[%clk 01:31:43]} {[%emt 00:00:09]} Bg7 {[%clk
01:31:09]} {[%emt 00:00:25]} 4. Bd3 {[%clk 01:31:35]} {[%emt 00:00:38]} Nc6
{[%clk 01:29:40]} {[%emt 00:01:59]} 5. c3 {[%clk 01:29:44]} {[%emt 00:02:21]}
e5 {[%clk 01:28:24]} {[%emt 00:01:45]} 6. d5 {[%clk 01:25:31]} {[%emt
00:04:44]} Nce7 {[%clk 01:27:51]} {[%emt 00:01:03]} 7. b4 {[%clk 01:25:47]}
{[%emt 00:00:13]} f5 {[%clk 01:25:39]} {[%emt 00:02:43]} 8. Nbd2 {[%clk
01:22:12]} {[%emt 00:04:05]} Nf6 {[%clk 01:23:38]} {[%emt 00:02:30]} 9. c4
{[%clk 01:18:59]} {[%emt 00:03:43]} a5 {[%clk 01:17:56]} {[%emt 00:06:12]} 10.
bxa5 {[%clk 01:17:32]} {[%emt 00:01:57]} c5 {[%clk 01:17:12]} {[%emt 00:01:14]}
11. O-O {[%clk 01:17:27]} {[%emt 00:00:35]} O-O {[%clk 01:17:24]} 12. a4 {[%emt
00:01:45]} Bd7 13. Ra3 {[%clk 01:16:30]} Rxa5 {[%clk 01:13:17]} 14. Ng5 {[%clk
01:02:59]} {[%emt 00:21:42]} Qa8 {[%clk 01:00:57]} 15. Ne6 {[%clk 01:00:08]}
{[%emt 00:14:06]} Bxe6 {[%clk 00:47:29]} 16. dxe6 {[%clk 01:00:12]} {[%emt
00:14:24]} Qc8 {[%clk 00:46:02]} 17. Qb3 {[%clk 00:49:39]} {[%emt 00:13:01]}
Ra7 {[%clk 00:41:04]} 18. Qb6 {[%clk 00:43:20]} {[%emt 00:12:17]} Ra6 {[%clk
00:41:19]} 19. Qb5 {[%clk 00:43:33]} {[%emt 00:00:32]} Ra7 {[%clk 00:35:21]} 20.
Qb6 {[%clk 00:43:33]} Ra6 {[%clk 00:35:21]} 21. Qb5 {[%clk 00:43:24]} Nh5
{[%clk 00:35:21]} 22. Nf3 {[%clk 00:43:33]} Nc6 {[%clk 00:35:21]} 23. Qb1
{[%clk 00:43:33]} Qxe6 {[%clk 00:35:21]} 24. Qxb7 {[%clk 00:43:33]} Rfa8 {[%clk
00:35:21]} 25. Qb1 {[%clk 00:43:33]} f4 {[%clk 00:17:41]} {[%emt 00:54:30]} 26.
Bd2 {[%clk 00:16:18]} {[%emt 00:03:24]} Bf6 {[%clk 00:17:55]} {[%emt 00:00:16]}
27. Qb7 {[%clk 00:15:19]} {[%emt 00:01:29]} Bd8 {[%clk 00:16:51]} {[%emt
00:01:33]} 28. Rb1 {[%clk 00:15:14]} {[%emt 00:00:36]} R8a7 {[%clk 00:16:44]}
{[%emt 00:00:36]} 29. Qb2 {[%clk 00:14:27]} {[%emt 00:01:17]} Ng7 {[%clk
00:15:58]} {[%emt 00:01:15]} 30. Bc2 {[%clk 00:10:20]} {[%emt 00:04:38]} Ba5
{[%clk 00:11:50]} {[%emt 00:04:38]} 31. Bc1 {[%clk 00:10:12]} {[%emt 00:00:38]}
Qe7 {[%clk 00:11:29]} {[%emt 00:00:50]} 32. g3 {[%clk 00:09:42]} {[%emt
00:01:02]} g5 {[%clk 00:10:50]} {[%emt 00:01:08]} 33. gxf4 {[%clk 00:09:04]}
{[%emt 00:01:09]} gxf4 {[%clk 00:11:13]} {[%emt 00:00:06]} 34. Kh1 {[%clk
00:08:48]} {[%emt 00:00:46]} Rb6 {[%clk 00:10:10]} {[%emt 00:01:33]} 35. Rb3
{[%clk 00:06:54]} {[%emt 00:02:24]} Bb4 {[%clk 00:08:19]} {[%emt 00:02:20]} 36.
Qa1 {[%clk 00:06:01]} {[%emt 00:01:24]} Ne6 {[%clk 00:07:07]} {[%emt 00:01:42]}
37. Bb2 {[%clk 00:05:17]} {[%emt 00:01:14]} Kf8 {[%clk 00:01:49]} {[%emt
00:05:48]} 38. Rg1 {[%clk 00:03:30]} {[%emt 00:02:17]} Qf6 {[%clk 00:01:19]}
{[%emt 00:01:00]} 39. Qd1 {[%clk 00:03:13]} {[%emt 00:00:46]} Ncd4 {[%clk
00:00:36]} {[%emt 00:01:14]} 40. Nxd4 {[%clk 00:32:12]} {[%emt 00:01:31]} cxd4
{[%clk 00:30:38]} {[%emt 00:00:27]} 41. Ba3 {[%clk 00:24:42]} {[%emt 00:08:00]}
Rxa4 {[%clk 00:24:03]} {[%emt 00:07:06]} 42. Qb1 {[%clk 00:20:42]} {[%emt
00:04:29]} d3 {[%clk 00:21:53]} {[%emt 00:02:41]} 43. Bxd3 {[%clk 00:17:49]}
{[%emt 00:03:24]} Nc5 {[%clk 00:22:05]} {[%emt 00:00:17]} 44. Rxb4 {[%clk
00:18:03]} {[%emt 00:00:16]} Raxb4 {[%clk 00:22:22]} {[%emt 00:00:13]} 45. Bxb4
{[%clk 00:18:28]} {[%emt 00:00:05]} Qd8 {[%clk 00:09:16]} {[%emt 00:13:36]} 46.
Qd1 {[%clk 00:12:37]} {[%emt 00:06:21]} Rxb4 {[%clk 00:09:04]} {[%emt
00:00:42]} 47. Qg4 {[%clk 00:12:58]} {[%emt 00:00:08]} Ke8 {[%clk 00:09:26]}
{[%emt 00:00:08]} 48. Qf5 {[%clk 00:09:43]} {[%emt 00:03:45]} Qh4 {[%clk
00:04:22]} {[%emt 00:05:34]} 49. Rg8+ {[%clk 00:09:44]} {[%emt 00:00:29]} Ke7
{[%clk 00:04:50]} {[%emt 00:00:02]} 50. Rg7+ {[%clk 00:09:52]} {[%emt
00:00:22]} 1-0